Southville International School and Colleges
Your cart is empty.
  • Cart
  • Lists
    Public lists Eva Luna New books Lux_list list_1
    Your lists Log in to create your own lists
  • Log in to your account
  • Your cookies
  • Search history
Southville International School and Colleges
  • Advanced search
  • Recent comments
  • Most popular
  • Libraries

Log in to your account

Log in with GOOGLE


If you do not have an external account, but do have a local account, you can still log in:

  1. Home
  2. MARC view: The literary Freud /
Normal view MARC view ISBD view

The literary Freud / (Record no. 22281)

[ view plain ]
MARC details
000 -LEADER
fixed length control field 00915nam a2200217 a 4500
003 - CONTROL NUMBER IDENTIFIER
control field PILC
005 - DATE AND TIME OF LATEST TRANSACTION
control field 20160201115908.0
008 - FIXED-LENGTH DATA ELEMENTS--GENERAL INFORMATION
fixed length control field 121004s19uu xx 00 eng d
020 ## - INTERNATIONAL STANDARD BOOK NUMBER
International Standard Book Number 041598145
050 ## - LIBRARY OF CONGRESS CALL NUMBER
Classification number BF 173.F85
Item number .M38 2007
100 ## - MAIN ENTRY--PERSONAL NAME
Personal name Meisel, Perry.
245 ## - TITLE STATEMENT
Title The literary Freud /
Statement of responsibility, etc Perry Meisel.
260 ## - PUBLICATION, DISTRIBUTION, ETC. (IMPRINT)
Place of publication, distribution, etc New York, NY :
Name of publisher, distributor, etc Routledge,
Date of publication, distribution, etc 2007.
300 ## - PHYSICAL DESCRIPTION
Extent 217 pages ;
Dimensions 24 cm.
500 ## - GENERAL NOTE
General note Includes bibliographical references and index.
520 ## - SUMMARY, ETC.
Summary, etc Meisel argues that Freud's texts are properly literary, and casts Freud as both literary theoretician and practitioner. After an introductory reception history of Freud as literature, Meisel provides a series of close readings of Freud's major texts that take literary representation as their central focus.
600 ## - SUBJECT ADDED ENTRY--PERSONAL NAME
Personal name Freud, Sigmund, 1856-1939
650 ## - SUBJECT ADDED ENTRY--TOPICAL TERM
Topical term or geographic name as entry element Psychoanalysis and literature
942 ## - ADDED ENTRY ELEMENTS (KOHA)
Koha item type Books
Source of classification or shelving scheme Library of Congress Classification
Call number prefix Foreign
Holdings
Withdrawn status Lost status Source of classification or shelving scheme Damaged status Home library Current library Shelving location Date acquired Source of acquisition Cost, normal purchase price Total Checkouts Total Renewals Full call number Barcode Date last seen Date checked out Copy number Price effective from Koha item type
    Library of Congress Classification   College Library College Library General Circulation Section 10/04/2012 Donation 2524.00 1 1 BF 173.F85 .M38 2007 C16189 05/15/2018 07/25/2014 1 10/10/2013 Books

The literary Freud /

APA

Meisel P., . (2007). The literary Freud. New York, NY: Routledge.

Chicago

Meisel Perry, . 2007. The literary Freud. New York, NY: Routledge.

Harvard

Meisel P., . (2007). The literary Freud. New York, NY: Routledge.

MLA

Meisel Perry, . The literary Freud. New York, NY: Routledge. 2007.

  • Place hold
  • Print
  • Cite
  • Add to your cart (remove)
  • Save record
    BIBTEX Dublin Core MARCXML MARC (non-Unicode/MARC-8) MARC (Unicode/UTF-8) MARC (Unicode/UTF-8, Standard) MODS (XML) RIS
  • More searches
    Search for this title in:
    Other Libraries (WorldCat) Other Databases (Google Scholar) Online Stores (Bookfinder.com) Open Library (openlibrary.org)

Exporting to Dublin Core...

SOUTHVILLE LIBRARY

Southville International School and Colleges Library

1281 Tropical Ave. Cor. Luxembourg St., BF Homes International, Las Pinas City

Tel. No. 8256374 / 252358 Loc. 117/146

Powered by Koha